000 00681nam a2200289Ia 4500
005 20260324124844.0
008 008 260324s9999 xx 000 0 eng d
020 _a9780203867334
037 _aEBOOK
040 _aCRL
040 _beng
040 _cCRL
041 _2eng
041 _aeng
084 _qCRL
100 _aRichie Nimmo
_91175753
245 0 _aMilk, Modernity and the Making of the Human
245 0 _bPurifying the Social
260 _bTaylor and Francis
260 _c2010
365 _a
365 _b265
856 _uhttp://www.taylorfrancis.com/books/9780203867334
942 _cEBOOK
999 _c1770513
_d1770513